Integración regional y crecimiento económico:
Guardat en:
| Autor principal: | |
|---|---|
| Altres autors: | |
| Format: | Text |
| Matèries: | |
| Etiquetes: |
Afegir etiqueta
Sense etiquetes, Sigues el primer a etiquetar aquest registre!
|
MARC
| LEADER | 00000 a a2200000 04500 | ||
|---|---|---|---|
| 001 | 42520 | ||
| 003 | |||
| 040 | |||
| 100 | |a Fernández Puente, Adolfo C | ||
| 245 | |a Integración regional y crecimiento económico: |a una visión crítica / |c Adolfo C Fernández Puente; Patricio Pérez Gonzáles | ||
| 650 | |a INTEGRACION ECONOMICA | ||
| 650 | |a ECONOMIA | ||
| 650 | |a CRECIMIENTO ECONOMICO | ||
| 650 | |a TEORIA ECONOMICA | ||
| 700 | |a Peréz Gonzáles, Patricio | ||
| 773 | |g volumen39, número152 (2008), páginas 193-206 | ||
| 999 | |c 22710 |d 22710 | ||
